000 00455nam a2200181Ia 4500
001 15904
005 20260306170230.0
008 260306t2016||||xx |||||||||||||| ||und||
041 _aESP
082 _a620.11243
_bF43
100 _aFerreiro Cabello, Javier
_eAUT
245 0 _aProblemas resueltos de pandeo y torsión uniforme
260 _c2016
300 _a313 páginas :
_c24 cm.
650 _aGEN
654 _aCII
942 _cLIB
_dJUS
_fJUS
_2ddc
_n
999 _c15904
_d15904